000 00815nam a2200325 a 4500
003 AR-BaBNM
005 20251128203237.0
008 082120s2002 ||||||||||||||000 | spa||
020 _a950-581-353-8
040 _cAR-BaBNM
100 1 _aRoyo, Marta Beatriz
245 0 0 _aLatín
_blengua y civilización : libro del profesor. 2
260 _aBuenos Aires
_bColihue
_c1987
300 _a148 p.
650 4 _aLITERATURA LATINA
650 4 _aCRITICA LITERARIA
650 4 _aLATIN
650 4 _aLENGUAS MUERTAS
650 4 _aFILOLOGIA
650 4 _aGRAMATICA
650 4 _aHISTORIA ANTIGUA
650 4 _aSINTAXIS
650 4 _aMORFOLOGIA
650 4 _aHISTORIA LITERARIA
650 4 _aESCRITORES
650 4 _aHISTORIA ANTIGUA
653 _aFILOSOFIA ANTIGUA
942 _cBK
998 _cMARTIN
999 _c2551
_d2551